First and Last country in every continent in Yakko's World - Statistics

General Stats
  • This quiz has been taken 310 times
    249 since last reset
  • The average score is 7 of 12
Answer Stats
Continent Country % Correct
First Country In North America United States
99%
First Country In Europe Norway
79%
First Country In South America Peru
71%
Last Country In North America Barbados
69%
Last Country In South America Suriname
63%
Last Country In Oceania Australia
61%
Last Country in Africa Sudan
52%
First Country In Africa Tunisia
52%
Last Country In Europe Malta
50%
First Country In Oceania New Zealand
50%
First Country In Asia Turkey
50%
Last Country In Asia Qatar
35%
No matching quizzes found
Score Distribution
Percent of People with Each Score
Percentile by Number Answered
Your Score History
You have not taken this quiz since the last reset